000 00629nam a2200229 i 4500
001 C2-0223932
003 PPAK
005 20180728152630.0
008 000311s my a|||| ||||| | may d
022 _a0420-2090
040 _aPPAK
_beng
_cPPAK
_erda
082 0 4 _a499.2305
_223
090 0 0 _a499.2305
_bJUR
_dR
245 0 0 _aJurnal Dewan Bahasa
264 1 _aKuala Lumpur :
_bDewan Bahasa dan Pustaka ,
_cJan-Jun 1997
300 _avarious pages :
_billustrations
336 _2rdacontent
_atext
337 _2rdamedia
_aunmediated
338 _2rdacarrier
_avolume
650 1 0 _aLanguage - Periodicals
942 _ddc
_cB
999 _c144963
_d144963